000 00407nam a2200145Ia 4500
008 240126s9999 xx 000 0 und d
041 _aEnglish
082 _aPREC89-298
100 _aHanji, Sanjay M Janu, Heman Choudhury, Soumen G Krishna Mohan
245 0 _aElectronic tuner
_bKulkarni D A Vanaki, Rajeshwari
260 _bGIT, Belgaum
440 _aNULL
650 _aTuner,electronic
942 _cPR
999 _c256198
_d256198